It looks like you're offline.
Open Library logo
additional options menu

MARC Record from Harvard University

Record ID harvard_bibliographic_metadata/20220215_005.bib.mrc:2617070:1335
Source Harvard University
Download Link /show-records/harvard_bibliographic_metadata/20220215_005.bib.mrc:2617070:1335?format=raw

LEADER: 01335cam a2200277I 4500
005 20020606090541.3
008 750514s1942 nyu eng u
001 990014797530203941
035 $a(MH)001479753HVD01-Aleph
010 $a^^^42007971^
035 $a(OCoLC)2050398$0(uri) http://www.worldcat.org/oclc/2050398
035 $a(OCoLC)1332356$0(uri) http://www.worldcat.org/oclc/1332356
040 $cKSU$dOCL
041 1 $aengrus
090 $aPG3421.O8$bG3x 1942
100 1 $aTurgenev, Ivan Sergeevich,$d1818-1883$0(uri) http://id.loc.gov/authorities/names/n79144981$0(uri) http://viaf.org/viaf/sourceID/LC|n79144981
240 10 $aOtt︠s︡y i deti.$lEnglish
245 10 $aFathers and sons;$ctranslation by Constance Garnett, revised and edited by Lucy M. Cores.
260 $aNew York,$bPublished for the Classics club by W. J. Black$c[1942]
300 $axxvii, 345 p.$c20 cm.
490 0 $aClassics club library
500 $aAt head of title: Ivan S. Turgenev.
700 1 $aGarnett, Constance,$d1861-1946$0(uri) http://id.loc.gov/authorities/names/n50015174$0(uri) http://viaf.org/viaf/sourceID/LC|n50015174
700 1 $aCores, Lucy M.
852 0 $bLAM$cGEN$hPG3421.O8$iG3x 1942$8221793154940003941
876 $8221793154940003941$q1$70$mGEN$yBOOK$p32044006814925$cGEN$0231793154930003941$h01$nPG3421.O8 G3x 1942$bLAM$lLAM